| 000 | 00353nam a2200145Ia 4500 | ||
|---|---|---|---|
| 008 | 210210b1965 xxu||||| |||| 00| 0 eng d | ||
| 041 | _aeng | ||
| 082 | _a512/25 | ||
| 100 | _aKRISHNAMURTHY (V) | ||
| 245 | _aTrigonometry | ||
| 260 |
_aMadras _bThe National Publishing Co _c1965 |
||
| 650 | _aTrigonometry | ||
| 690 | _aTrigonometry | ||
| 906 | _a007228 | ||
| 999 |
_c139635 _d139635 |
||